• 首页
  • 本馆介绍
  • 公告通知
  • 最新文献
  • 馆藏检索
  • 电子资源
  • 读者导购
  • 参考咨询
  • 我的图书馆
  • 登录
  • 详细信息显示
  • 放入我的书架
  • 预约/预借图书
  • 作者相关作品
  • 分类相关作品
  • 丛书相关作品
  • 出版社相关作品

书目信息

  • 表格格式
  • 工作单格式
  • 卡片格式
题名:
香港掌故
    
 
作者: 子羽 编著
分册: 一、二集合订  
出版信息: 广州   广东人民出版社  1985
页数: 170页
开本: 20cm
丛书名:
单 册:
中图分类: K296.58
科图分类:
主题词: 地方志--香港
电子资源:
ISBN:
000 00638nam0 2200241 45
001 0185009106
005 20040517153917.6
010    @dCNY1.15
100    @a19901008d1985 emky0chiy0121 ea
101 0  @achi
102    @aCN@b440000
105    @ay z 000yd
106    @ar
200 10 @a香港掌故@Axiang gang zhang gu@h一、二集合订@f子羽编著
210    @a广州@c广东人民出版社@d1985
215    @a170页@d20cm
300    @a原出版者: 香港上海书局
606    @a地方志@y香港
690    @aK296.58@v3
701  0 @a子羽@Azi yu@4编著
801  0 @aCN@b深圳图书馆@c20040517
801  2 @aCN@bNLC@c20040517
905    @f2@b166175-176@dK296.58@e66
    
    香港掌故.一、二集合订/子羽编著.-广州:广东人民出版社,1985
    170页;20cm
    原出版者: 香港上海书局
    
    ISBN :CNY1.15
    
●
相关链接 在E读中查询图书 在五车中查询图书 在当当中查询图书 在豆瓣中查询图书


正题名:香港掌故     索取号:K296.58/66         预约/预借

序号 登录号 条形码 馆藏地/架位号 状态 备注
1 0166175   001581265   第二借阅区/ [索取号:K296.58/66] 在馆    
2 0166176   001581256   密集书库/ [索取号:K296.58/66] 在馆    
3 0166177   001581247   第二样本阅览室/ [索取号:K296.58/66] 在馆    
唐山师范学院图书馆 欢迎您!
大连网信软件有限公司© 版权所有